| 000 | 01102nam a22002057a 4500 | ||
|---|---|---|---|
| 003 | OSt | ||
| 005 | 20230629160150.0 | ||
| 008 | 150430b xxu||||| |||| 00| 0 eng d | ||
| 020 | _a9789988856700 | ||
| 040 | _cLC | ||
| 050 | _aKRX1520.O97 | ||
| 100 |
_qOwusu-Dapaa, Ernest _91944 |
||
| 245 |
_aMedical law in Ghana: a primer. / _cErnest Owusu-Dapaa. |
||
| 260 |
_aAccra: _bIcon Publishing Ltd, _c2020. |
||
| 300 | _ax, 144 p.: | ||
| 500 | _aIncludes index | ||
| 505 | _aContents: General introduction: The general background of the country -- General description of the health care system -- Sources of medical law -- Part 1: Medical profession: Access to the medical profession -- Practice of medicine -- Control over the practice of medicine -- Part 2: The physician-patient relationship - General description -- The physician-patient relationship in specific terms -- Specific activities -- Part 3:The physician and health care system: Relations with other health care providers -- Relations with health care provisions -- | ||
| 653 | _aMedical laws and legislation--Ghana. | ||
| 942 |
_2lcc _cBK |
||
| 999 |
_c9863 _d17363 |
||